Prof. Ing. Dušan Bustin, DrSc. 80-ročný

Bibliographic Details
Other Authors: Labuda, Ján, 1949- (Editor), Uher, Michal, 1936- (Editor)
Format: Book
Language:Slovak
PhysicalDescription:55 s. faks., fotogr. 25 cm
Published: Bratislava [Slovenská chemická knižnica] 2017
ISBN:9788089597710
Series:Osobnosti Fakulty chemickej a potravinárskej technológie STU v Bratislave zv. 45
Subjects:

MARC

LEADER 00000nam a2200000 a 4500
001 vtls011720904
003 SK-MaSNL
005 20260425223910.0
008 200104s2017 xo ho g b 000 0bslo
015 |a SNBA2017/11 
015 |a SNBSAB2017 
020 |a 9788089597710  |q (brož.)  |z 9788089597703 
035 |a urn:nbn:sk:snk-am00d1dz 
035 |a urn:nbn:sk:snk-am3hidb 
035 |a 5D972D6F-A383-4E86-B712-C7CA55995C44 
040 |a SNK  |b slo  |c SNK  |e AACR2 
041 0 |a slo 
043 |a e-xo--- 
044 |a xo  |c SK 
072 7 |a 54  |x Chémia. Mineralogické vedy  |2 konspekt 
072 7 |a 929  |x Biografie  |2 konspekt 
072 7 |a 01  |x Bibliografia. Katalógy  |2 konspekt 
080 |a 54-051  |2 2011 
080 |a 378.011.3-051  |2 2011 
080 |a 929  |2 2011 
080 |a (437.6)  |2 2011 
080 |a (082.2)  |2 2011 
080 |a 012  |2 2011 
245 0 0 |a Prof. Ing. Dušan Bustin, DrSc. 80-ročný  |c [Ján Labuda, Michal Uher] 
260 |a Bratislava  |b [Slovenská chemická knižnica]  |c 2017 
300 |a 55 s.  |b faks., fotogr.  |c 25 cm 
490 1 |a Osobnosti Fakulty chemickej a potravinárskej technológie STU v Bratislave  |v zv. 45 
500 |a Vydavateľ podľa ISBN 
500 |a Chronologický prehľad. Ocenenia 
504 |a Obsahuje [220] zázn. monogr., učebníc, publ. prác v čas., zbor., kniž. publ., recenzií 
600 1 7 |a Bustin, Dušan,  |d 1937-  |2 SNKMA  |9 264487 
648 7 |a 20.-21. stor.  |2 SNKPH  |9 270701 
648 7 |a 20th-21st centuries  |2 SNKPHeng  |9 285312 
650 0 7 |a chemici  |2 SNKPH  |9 55095 
650 0 7 |a Chemists  |2 SNKPHeng  |9 327483 
650 0 7 |a vysokoškolskí učitelia  |2 SNKPH  |9 66590 
650 0 7 |a College teachers  |2 SNKPHeng  |9 267441 
651 7 |a Slovensko  |2 SNKPH  |9 14231 
651 7 |a Slovakia  |2 SNKPHeng  |9 92630 
655 7 |a jubilejné publikácie  |2 SNKPH  |9 70339 
655 7 |a Jubilee books  |2 SNKPHeng  |9 281827 
655 7 |a personálne bibliografie  |2 SNKPH  |9 70198 
655 7 |a Personal bibliography  |2 SNKPHeng  |9 300650 
700 1 |a Labuda, Ján,  |d 1949-  |4 edt  |9 238453 
700 1 |a Uher, Michal,  |d 1936-  |4 edt  |9 219584 
810 2 |a Slovenská technická univerzita v Bratislave.  |b Fakulta chemickej a potravinárskej technológie  |t Osobnosti Fakulty chemickej a potravinárskej technológie STU v Bratislave  |9 318720 
919 |a 978-80-89597-71-0 
958 |a BX 
958 |a PB 
999 |c 598680  |d 600610 
952 |a SNK  |b SNK  |y PREZ  |7 0  |p 17A1304429  |o snkSC 176941  |i snk2017/25220  |8 0  |0 0  |1 0  |4 0  |d 2017-11-15  |f 1  |l 0  |r 2025-09-18 00:00:00  |w 2026-02-23 
952 |a SNK  |b SNK  |y VYP  |7 0  |p 17A1304430  |o snkSC 176941 D1  |i snk2017/25221  |8 0  |0 0  |1 0  |4 0  |d 2017-11-15  |l 0  |r 2026-02-23 15:46:53  |w 2026-02-23